East and west: manifestation of ancient thought paradigms in modern times heritage of old mental landscapes and their DNA
Enregistré dans:
| Auteur principal: | |
|---|---|
| Format: | Livre |
| Langue: | anglais |
| Publié: |
Beau Bassin
LAP LAMBERT Academic Publishing
2017
|
| Édition: | 1st ed. |
| Sujets: | |
| Tags: |
Pas de tags, Soyez le premier à ajouter un tag!
|
MARC
| LEADER | 00000nam a2200000 4500 | ||
|---|---|---|---|
| 001 | 0236059 | ||
| 005 | 20240502083629.2 | ||
| 020 | |a 978-620-2-01398-7 | ||
| 041 | 0 | |a eng | |
| 044 | |a MU | ||
| 245 | 1 | 0 | |a East and west: manifestation of ancient thought paradigms in modern times |b heritage of old mental landscapes and their DNA |c Milan Lajčiak |
| 250 | |a 1st ed. | ||
| 264 | 1 | |a Beau Bassin |b LAP LAMBERT Academic Publishing |c 2017 | |
| 300 | |a 124 s. [6 AH] | ||
| 610 | 2 | 0 | |a hospodárstvo svetové |
| 610 | 2 | 0 | |a myslenie ekonomické |
| 610 | 2 | 0 | |a západná Európa |
| 610 | 2 | 0 | |a kapitalizmus |
| 610 | 2 | 0 | |a východná Ázia |
| 610 | 2 | 0 | |a Čína |
| 610 | 2 | 0 | |a Južná Kórea |
| 100 | 1 | |a Lajčiak, Milan | |